Monthly statistics of international trade

Enregistré dans:
Détails bibliographiques
Format: Publication en série
Langue:anglais
Publié: Paris OECD 2004
Collection:Statistics
Sujets:
Tags: Ajouter un tag
Pas de tags, Soyez le premier à ajouter un tag!

MARC

LEADER 00000nas2a2200000 4500
001 0069735
005 20220316070346.6
022 |a 0256-1743 
041 0 |a eng 
044 |a FR 
245 1 0 |a Monthly statistics of international trade 
264 1 |a Paris  |b OECD  |c 2004 
490 1 |a Statistics 
830 0 |a Statistics 
773 0 |w eu_un_cat*s124257 
610 2 0 |a obchod medzinárodný